| 000 | 00741nam a2200241 a 4500 | ||
|---|---|---|---|
| 005 | 20220526063901.0 | ||
| 008 | 991125s1993 mx 000 0 spa u | ||
| 020 | _a9682448123 | ||
| 035 | _aUPN01000033996 | ||
| 049 | _aLT | ||
| 050 | 4 |
_aLB1633 M6.1 _bM3.4 1993 |
|
| 100 | 1 |
_aMatus, Isaac _929189 |
|
| 245 | 1 | 0 |
_aLecciones de español : _bprimer grado / _cIsaac Matus, Carmen Medel, Angel Blanco |
| 260 |
_aMéxico : _bTrillas, _c1993 |
||
| 300 |
_a239 p. : _bil. col. |
||
| 500 | _a"Nuevos programas" | ||
| 500 | _a"Modernización educativa" | ||
| 650 | 4 |
_aEspañol _xEstudio y enseñanza (Secundaria) _97237 |
|
| 700 | 1 |
_aMedel, Carmen, _ecoaut. _929205 |
|
| 700 | 2 |
_aBlanco, Angel, _ecoaut. |
|
| 904 |
_aAC _b033997 |
||
| 905 | _aLibro | ||
| 999 |
_c33996 _d33996 |
||